Biblioteca

Introducción a la sociología (Registro nro. 66922)

Detalles MARC
000 -LÍDER
Campo fijo de descripción fija 01527nam a2200325 i 4500
001 - NÚMERO DE CONTROL
Campo de control 768714001
003 - IDENTIFICADOR DEL NÚMERO DE CONTROL
Campo de control CO-MdFUSB
005 - FECHA Y HORA DE LA ULTIMA TRANSACCIÓN
control field 20230517170537.0
007 - CAMPO FIJO DE DESCRIPCIÓN FIJA--INFORMACIÓN GENERAL
Campo fijo de descripción fija ta
008 - ELEMENTOS DE LONGITUD FIJA -- INFORMACIÓN GENERAL
Campo fijo de descripción fija -- Información general 211005t1987 ag |||| |||| 00| 0 spa d
020 ## - NÚMERO INTERNACIONAL NORMALIZADO PARA LIBROS
Número Internacional Normalizado del libro 9500250071
040 ## - FUENTE DE CATALOGACIÓN
Agencia de catalogación original CO-MdFUSB
Idioma de catalogación spa
Agencia que realiza la transcripción CO-MdFUSB
Agencia que realiza la modificación CO-MdFUSBC
Convenciones de la descripción rda
041 ## - CÓDIGO DE IDIOMA
Código de idioma para texto/pista de sonido o título separado spa
082 ## - NÚMERO DE CLASIFICACIÓN DECIMAL DEWEY
Número de la edición del Dewey 23
Número de clasificación 300.1
Clave de autor-Numero de item H823
100 ## - ASIENTO PRINCIPAL--NOMBRE PERSONAL
Nombre personal Horton, Paul B. ‎
Término relacionador autor
245 ## - TÍTULO
Título del Material Introducción a la sociología
Mención de responsabilidad, etc. / Paul B. Horton , Robert L. Horton
264 #1 - PRODUCCIÓN, PUBLICACIÓN, DISTRIBUCIÓN, MANUFACTURA, Y COPYRIGHT
Lugar de producción, publicación, distribución, manufactura Buenos Aires, Argentina :
Nombre del productor, publicador, distribuidor El Ateneo,
Fecha de producción, publicación, distribución, manufactura, o copyright [1973]
264 #4 - PRODUCCIÓN, PUBLICACIÓN, DISTRIBUCIÓN, MANUFACTURA, Y COPYRIGHT
Fecha de producción, publicación, distribución, manufactura, o copyright © 1973
300 ## - DESCRIPCIÓN FÍSICA
Extensión 176 páginas
Dimensiones ; 26 cm
336 ## - TIPO DE CONTENIDO
Fuente rdacontent
Término de tipo de contenido texto
Código de tipo de contenido txt
337 ## - TIPO DE MEDIO
Fuente rdamedia
Nombre del tipo de medio sin mediación
Código del tipo de medio n
338 ## - TIPO DE SOPORTE
Fuente rdacarrier
Nombre del tipo de soporte volumen
Código Tipo de soporte nc
490 ## - MENCIÓN DE SERIE
Mención de serie Sociología y Ciencias Políticas
505 ## - NOTA DE CONTENIDO
Nota de contenido con formato preestablecido La sociología como ciencia. -- La cultura. -- Personalidad y socialización. -- Rol y status. -- Control social y desviación. -- Grupos y asociaciones. -- Organizaciones en gran escala. -- Instituciones sociales. -- La familia. -- Instituciones religiosas. -- Instituciones educativas. -- Instituciones económicas y políticas. -- Estratificación social y movilidad social. -- Procesos sociales. -- Relaciones raciales y étnicas. -- Comportamiento colectivo. -- Población y ecología. -- Comunidades rurales y urbanas. -- Cambio social y cultural. -- Movimientos sociales. -- Problemas sociales.
563 ## - NOTA DE ENCUADERNACIÓN
Nota de encuadernación Rústico
630 #0 - TITULO UNIFORME
Título uniforme Sociología
700 ## - ASIENTO SECUNDARIO - NOMBRE PERSONAL
9 (RLIN) 5742
Nombre personal Horton, Robert L. ‎
Responsabilidad autor
942 ## - TIPO DE MATERIAL (KOHA)
Tipo de Item KOHA Libros General
945 ## - INFORMACIÓN LOCAL DEL REGISTRO
Catalogador JTF-925
Existencias
Estado de Material Estado de Perdido Forma de Clasificación Estado de Dañado No para Préstamo Colección Biblioteca de Origen Biblioteca Permanente Fecha de Adquisición Área Total de Préstamos Signatura Topográfica Código de Barras Última vez visto Última vez Préstado Ejemplar/Existencia Fecha de Remplazo Tipo de Material
    Dewey Decimal Classification     Colección General Biblioteca FUSBC Biblioteca FUSBC 05/10/2021 SOCIOLOGIA 1 G 300.1 H823i 22780 31/05/2024 28/05/2024 Ej. 1 05/10/2021 Libros General

Biblioteca FUSBC | Teléfono: (57+4) 349 88 10 Ext. 141| WhatsApp (+57) 3005338115 
E-mail: biblioteca@unisbc.edu.co | Calle 76 87-14 Robledo Palenque, Medellín, Colombia

Con tecnología Koha